| 000 | 00826nam a2200253Ia 4500 | ||
|---|---|---|---|
| 003 | OSt | ||
| 005 | 20220918171314.0 | ||
| 006 | a|||||r|||| 00| 0 | ||
| 007 | ta | ||
| 008 | 220917b |||||||| |||| 00| 0 eng d | ||
| 020 |
_a9781474222914 (pbk) _c1780.30 |
||
| 024 | _a284,477 | ||
| 037 |
_b43602, 17/03/2015, Segment Book Distributors _cTextual |
||
| 040 |
_aARTS _cARTS _beng |
||
| 041 |
_2eng _aeng |
||
| 082 | _aO111,3N315:g, Q3 | ||
| 100 |
_aBaillie Justine _935013 |
||
| 245 | 0 |
_aToni morrison and literary tradition _b The invention of an aesthetic |
|
| 260 |
_aLondon _bBloomsbury UK _c2015 |
||
| 300 |
_avii,229p. _ccm. |
||
| 650 | _aENGLISH LITERATURE | ||
| 942 |
_hO111,3N315:g, Q3 _cTEXL _2CC |
||
| 999 |
_c138911 _d138911 |
||